Government servants rules (Record no. 1325031)

MARC details
000 -LEADER
fixed length control field 00442nam a2200169Ia 4500
005 - DATE AND TIME OF LATEST TRANSACTION
control field 20250508150701.0
008 - FIXED-LENGTH DATA ELEMENTS--GENERAL INFORMATION
fixed length control field 008 250505s9999 xx 000 0 eng d
037 ## - SOURCE OF ACQUISITION
Stock number Textual
040 ## - CATALOGING SOURCE
Original cataloging agency FEDL
Language of cataloging eng
Transcribing agency FEDL
041 ## - LANGUAGE CODE
Language code of text/sound track or separate title eng
Source of code eng
084 ## - COLON CLASSIFICATION NUMBER
Classification number 353.543, KHO
Assigning agency FEDL
100 ## - MAIN ENTRY--PERSONAL NAME
Personal name Khosla A. N.
9 (RLIN) 342002
245 #0 - TITLE STATEMENT
Title Government servants rules
300 ## - PHYSICAL DESCRIPTION
Extent 173p.
942 ## - ADDED ENTRY ELEMENTS (KOHA)
Koha item type Textual
Classification part 353.543, KHO
Holdings
Withdrawn status Lost status Damaged status Not for loan Home library Current library Date acquired Total Checkouts Full call number Barcode Date last seen Price effective from Koha item type
        Department of Education Library Department of Education Library 2025-05-08   353.543, KHO EL0004380 2025-05-08 2025-05-08 Textual
Copyright @ Delhi University Library System